000 01160cam a22003011i 4500
003 SA-RiAUC
005 20250807072019.0
008 250806s2000 su g b 000 0 ara c
020 _a9789960369773
040 _aSA-RiNAUS
_bara
_cSA-RiAUC.
_erda
082 0 4 _a257.2
_qSA-RiAUC
090 _a257.2
_bع ل ي
100 1 _aعليان، شوكت محمد
_eمؤلف.
245 1 0 _aدور الحسبة في حماية المصالح /
_bتأليف شوكت محمد عليان.
250 _aالطبعة الأولى.
264 1 _aالرياض :
_bشوكت محمد عليان،
_c2000
264 3 _a[مكان الطبع غير محدد] :
_bمطبعة النرجس
300 _a221 صفحة ؛
_c24 سم
336 _aنص
_btxt
_2rdacontent
_3كتاب
337 _aبدون وسيط
_bn
_2rdamedia
338 _aمجلد
_bnc
_2rdacarrier
504 _aيشتمل على إرجاعات ببليوجرافية.
504 _aببليوجرافية : صفحة 213-218.
650 7 _aالحسبة
_2aucsh
650 7 _aالنظام المالي في الإسلام
_2aucsh
942 _2ddc
_cBOOK
_n0
949 _aSA-JeALM
_d250806
_umohamedma123
_n1
999 _c10623
_d10623